Atomic power (Record no. 21272)

000 -LEADER
fixed length control field 00492nam a22001937a 4500
001 - CONTROL NUMBER
control field 21272
003 - CONTROL NUMBER IDENTIFIER
control field BD-DhUET
008 - FIXED-LENGTH DATA ELEMENTS--GENERAL INFORMATION
fixed length control field 150416b xxu||||| |||| 00| 0 eng d
040 ## - CATALOGING SOURCE
Transcribing agency 0
Modifying agency BD-DhUET
082 ## - DEWEY DECIMAL CLASSIFICATION NUMBER
Classification number 621.48
Item number EDI/1954
110 ## - MAIN ENTRY--CORPORATE NAME
Corporate name or jurisdiction name as entry element Editors of Scientific of American
245 ## - TITLE STATEMENT
Title Atomic power
250 ## - EDITION STATEMENT
Edition statement 1st ed.
260 ## - PUBLICATION, DISTRIBUTION, ETC. (IMPRINT)
Place of publication, distribution, etc. New York
Name of publisher, distributor, etc. Simon and Schuster
Date of publication, distribution, etc. 1954
300 ## - PHYSICAL DESCRIPTION
Extent x, 180 p.
Other physical details ill.
504 ## - BIBLIOGRAPHY, ETC. NOTE
Bibliography, etc Includes bibliographeis
650 #0 - SUBJECT ADDED ENTRY--TOPICAL TERM
Topical term or geographic name as entry element Nuclear Engineering
942 ## - ADDED ENTRY ELEMENTS (KOHA)
Koha item type Corporate Publication
Holdings
Copy number Sublocation or collection (holding branch) Shelving location Koha normalized classification for sorting Koha full call number Koha item type Not for loan Date acquired Piece designation (barcode) Damaged status Price effective from Withdrawn status Location (home branch) Lost status Koha date last seen Source of classification or shelving scheme
1Central Library, BUETCirculation section621_480000000000000_EDI_1954621.48/EDI/1954General Book 2015-04-169389 2015-04-16 Central Library, BUET 2015-04-16